Movies Quiz

Random Movies or Oscar Quiz

Winless Best Director Nominees Quiz Stats

 Plays Quiz Updated Feb 24, 2019

Score 0/48 Timer 08:00
0 Plays Today
Director % Correct
Stanley Kubrick
85.3%
George Lucas
82.4%
Quentin Tarantino
82.3%
Alfred Hitchcock
82.1%
Paul Thomas Anderson
72.5%
David Lynch
70.7%
Robert Altman
70.3%
Ridley Scott
68.1%
Federico Fellini
66.3%
David Fincher
64.2%
Terrence Malick
56%
Sidney Lumet
54.8%
Gus Van Sant
52.9%
David O. Russell
52.5%
Adam McKay
47.9%
Ingmar Bergman
47.8%
Alexander Payne
46.8%
Jason Reitman
46.8%
Peter Weir
46.3%
James Ivory
44%
Mike Leigh
36.8%
Norman Jewison
35%
Stephen Frears
34%
John Boorman
32.6%
Director % Correct
Bennett Miller
30.2%
Arthur Penn
30%
Stephen Daldry
29.9%
Lasse Hallström
29.7%
Jim Sheridan
26.7%
Alan Parker
25.2%
Roland Joffé
23.5%
Stanley Kramer
23.4%
Otto Preminger
19.6%
Richard Brooks
17.9%
King Vidor
16.3%
Peter Yates
16.3%
Robert Rossen
14.1%
Clarence Brown
12.4%
Ernst Lubitsch
12%
Josef von Sternberg
11.6%
William A. Wellman
10.8%
Henry King
9.9%
Joshua Logan
9.8%
Sam Wood
9%
Gregory La Cava
8%
W.S. Van Dyke
8%
Mark Robson
7.4%
Robert Z. Leonard
6.3%

You're not logged in!

Compare scores with friends on all Sporcle quizzes.
OR
Log In

You Might Also Like...

Show Comments

Extras

Top Quizzes Today


Score Distribution

Your Account Isn't Verified!

In order to create a playlist on Sporcle, you need to verify the email address you used during registration. Go to your Sporcle Settings to finish the process.

Report this User

Report this user for behavior that violates our Community Guidelines.

Details: